|
|
|
|
| LEADER |
01222nam a2200373 4500 |
| 001 |
000007120 |
| 003 |
3281 |
| 005 |
20120515150550.0 |
| 008 |
110926s2010 viesd |
| 041 |
0 |
|
|a vie
|
| 082 |
|
|
|a 398.20959742
|b QU-M
|
| 100 |
0 |
|
|a Quán Vi Miên
|
| 245 |
1 |
0 |
|a Ca dao - Dân ca Thái Nghệ An
|c Quán Vi Miên
|n T.2
|p Dân ca
|
| 260 |
|
|
|a H.
|b Đại học QGHN
|c 2010
|
| 300 |
|
|
|a 939 tr.
|c 21 cm.
|
| 500 |
|
|
|a ĐTTS: Hội văn nghệ dân gian Việt Nam
|
| 504 |
|
|
|a Thư mục: tr. 934
|
| 653 |
|
|
|a Văn hóa dân gian
|
| 653 |
|
|
|a Ca dao
|
| 653 |
|
|
|a Dân ca
|
| 653 |
|
|
|a Thái
|
| 653 |
|
|
|a Nghệ An
|
| 773 |
|
|
|t Ca dao - Dân ca Thái Nghệ An
|w 3278
|
| 910 |
|
|
|a Huỳnh Thị Cẩm Lai
|d 26/09/2011
|
| OWN |
|
|
|a LSP
|
| AVA |
|
|
|a UDN50
|b LSP
|d 398.20959742 QU-M
|e available
|t Error 5001 Not defined in file expand_doc_bib_avail.
|f 2
|g 0
|h N
|i 0
|k 1
|
| 999 |
|
|
|a From the UDN01
|
| AVA |
|
|
|a UDN50
|b LSP
|d 398.20959742 QU-M
|e available
|t Error 5001 Not defined in file expand_doc_bib_avail.
|f 2
|g 0
|h N
|i 0
|k 1
|
| TYP |
|
|
|a Monograph
|
| TYP |
|
|
|a Printed language
|
| 980 |
|
|
|a Mạng thư viện Đại học Đà Nẵng
|